Ayu mustika dan patung sakti

Bibliographic Details
Main Author: Mas Johan
Format: Book
Published: Kuala Lumpur : Buku Must Sdn.Bhd. , 2007
Edition:1st ed
Subjects:

MARC

LEADER 00000cam a2200000 7i4500
001 0000029486
005 20151222.0
008 100614
020 |a 9838476536 
090 0 0 |a JF   |b MAL 
100 0 |a Mas Johan 
245 1 0 |a Ayu mustika dan patung sakti   |c Mas Johan 
250 |a 1st ed 
260 |a Kuala Lumpur :   |b Buku Must Sdn.Bhd. ,   |c 2007 
500 |a Children ages 7-9 years old (orange) 
650 0 |a Junior fiction   |x Malay 
999 |a 0001071971   |b Book   |c Children Collection   |e Perbadanan Perpustakaan Awam Johor 
999 |a 0001071983   |b Book   |c Children Collection   |e Perbadanan Perpustakaan Awam Johor 
999 |a 0001072134   |b Book   |c Children Collection   |e Cawangan Segamat